书目信息 |
| 题名: |
机器人传感器及其应用
|
|
| 作者: | 谢少荣 , 罗均 , 高国富 编著 | |
| 分册: | ||
| 出版信息: | 北京 化学工业出版社 2005.09 |
|
| 页数: | 196页 | |
| 开本: | 26cm | |
| 丛书名: | 光机电一体化丛书 | |
| 单 册: | ||
| 中图分类: | TP242 | |
| 科图分类: | ||
| 主题词: | 机器人--ji qi ren--传感器 | |
| 电子资源: | ||
| ISBN: | 7-5025-7473-5 | |
| 000 | 01048nam 2200277 450 | |
| 001 | 012006644984 | |
| 005 | 20061031100458.89 | |
| 010 | @a7-5025-7473-5@dCNY35.00 | |
| 100 | @a20060626d2005 km y0chiy0120 ea | |
| 101 | 0 | @achi |
| 102 | @aCN@b110000 | |
| 105 | @aa a 000yy | |
| 200 | 1 | @a机器人传感器及其应用@Aji qi ren chuan gan qi ji qi ying yong@f高国富, 谢少荣, 罗均编著@Fgao guo fu,xie shao rong,luo jun bian zhu |
| 210 | @a北京@c化学工业出版社@d2005.09 | |
| 215 | @a196页@c图@d26cm | |
| 225 | 2 | @a光机电一体化丛书@Aguang ji dian yi ti hua cong shu |
| 320 | @a有书目 (第194-196页)。 | |
| 330 | @a本书系统介绍了机器人手爪、工业机器人、移动机器人、飞行机器人、水下机器等机器人系统中的各种特色传感器,及其机器人系统中的传感器信息融合技术,具有很强的实用性。 | |
| 410 | 0 | @12001 @a光机电一体化丛书 |
| 606 | 0 | @a机器人@Aji qi ren@x传感器 |
| 690 | @aTP242@v4 | |
| 701 | 0 | @a谢少荣@Axie shao rong@4编著 |
| 701 | 0 | @a罗均@Aluo jun@4编著 |
| 701 | 0 | @a高国富@Agao guo fu@4编著 |
| 801 | 0 | @aCN@c20061031 |
| 905 | @a10447@dTP242@eG131 | |
| 机器人传感器及其应用/高国富, 谢少荣, 罗均编著.-北京:化学工业出版社,2005.09 |
| 196页:图;26cm.-(光机电一体化丛书) |
| ISBN 7-5025-7473-5:CNY35.00 |
| 本书系统介绍了机器人手爪、工业机器人、移动机器人、飞行机器人、水下机器等机器人系统中的各种特色传感器,及其机器人系统中的传感器信息融合技术,具有很强的实用性。 |
| ● |
| 相关链接 |
|
|
|
正题名:机器人传感器及其应用
索取号:TP242/G131
 
预约/预借
| 序号 | 登录号 | 条形码 | 馆藏地/架位号 | 状态 | 备注 |
| 1 | 592021 | 205920217 | 自科二线504/504自科库 7排1列3层/ [索取号:TP242/G131] | 在馆 | |
| 2 | 592022 | 205920226 | 自科库301/301自科库 40排5列4层/ [索取号:TP242/G131] | 在馆 | |
| 3 | 592023 | 205920235 | 自科二线504/504自科库 7排1列3层/ [索取号:TP242/G131] | 在馆 | |
| 4 | 633983 | 206339835 | 自科库301/301自科库 40排5列4层/ [索取号:TP242/G131] | 在馆 |